|
|
|
|
| LEADER |
00000nab a2200000 ar4500 |
| 001 |
vtls008620885 |
| 003 |
SK-MaSNL |
| 005 |
20260303071915.0 |
| 008 |
060206c2005 xo mr|p|||| |000 b|slo |
| 015 |
|
|
|a SNBRB2006/02
|
| 038 |
|
|
|a SPK
|
| 040 |
|
|
|a SPKCL
|b slo
|c AACR2
|e AACR2
|
| 041 |
0 |
|
|a slo
|
| 044 |
|
|
|a xo
|c SK
|
| 080 |
|
|
|a 316.32
|2 UDC-MRF-SK2
|
| 080 |
|
|
|a 37.01:008
|2 UDC-MRF-SK2
|
| 100 |
1 |
|
|a Zelina, Miron,
|d 1940-
|4 aut
|9 98638
|
| 245 |
1 |
0 |
|a Sme Slováci alebo Euroobčania?
|c Miron Zelina
|
| 300 |
|
|
|b Fotogr.
|
| 650 |
0 |
7 |
|a spoločenský vývoj
|2 spk
|9 282686
|
| 650 |
0 |
7 |
|a globalizácia
|2 spk
|9 3615
|
| 650 |
0 |
7 |
|a multikultúrna výchova
|2 spk
|9 69518
|
| 650 |
0 |
7 |
|a segregácia
|2 spk
|9 416314
|
| 650 |
0 |
7 |
|a integrácia
|2 spk
|9 24105
|
| 651 |
|
7 |
|a Európa
|2 snkbucl
|9 167569
|
| 773 |
0 |
|
|t Rodina a škola
|g Roč. 53, č. 10 (2005), s. 5
|x 0231-6463
|
| 852 |
|
|
|a SPK
|b KIS3GCP
|
| 999 |
|
|
|c 1761920
|d 1763850
|